| 000 | 00929cam a22003015a 4500 | ||
|---|---|---|---|
| 999 |
_c27269 _d27240 |
||
| 001 | ssib031609255 | ||
| 003 | EG-ScBUE | ||
| 005 | 20190321093124.0 | ||
| 008 | 171121s2018 nyua frb 001 0 eng d | ||
| 020 | _a9781260288421 | ||
| 020 | _a1260288420 | ||
| 020 | _a9781259837937 | ||
| 020 | _a1259837939 | ||
| 040 |
_aBIP US _beng _dWaSeSS _cEG-ScBUE |
||
| 082 | 0 | 4 |
_a612.015 _bHAR _222 |
| 245 | 1 | 0 |
_aHarper's illustrated biochemistry / _cVictor W. Rodwell... [et al.]. |
| 250 | _a31th ST ed., International ed. | ||
| 260 |
_aNew York : _bMcGraw-Hill Education, _c2018. |
||
| 300 |
_ax, 789 p. : _bill. (col.) ; _c28 cm. |
||
| 490 | 0 |
_aLange medical book ; _x10439811 |
|
| 504 | _aIncludes bibliographical references and index. | ||
| 650 | 7 |
_aBiochemistry. _2BUEsh |
|
| 650 | 7 |
_aClinical biochemistry. _2BUEsh _936628 |
|
| 651 | _2BUEsh | ||
| 653 |
_bPPhrm _cMarch2019 |
||
| 700 | 1 | _aRodwell, Victor W. | |
| 942 | _2ddc | ||